[Event "1800-2200 10 Player Round Robin"]
[Site "SchemingMind.com"]
[Date "2012.04.07"]
[Round "-"]
[White "Adrian Grajczak"]
[Black "lipekhetman"]
[Result "1/2-1/2"]
[WhiteCountry "POL"]
[BlackCountry "POL"]
[WhiteElo "2118"]
[WhiteRD "65"]
[BlackElo "2135"]
[BlackRD "64"]
[GameID "307787"]

1. e4 c5 2. Nf3 e6 3. d4 cxd4 4. Nxd4 Nf6 5. Nc3 Nc6 6. Ndb5 Bb4 7. a3 Bxc3+ 8. Nxc3 d5 9. exd5 exd5 10. Bd3 O-O
11. O-O d4 12. Ne2 Bg4 13. f3 Bh5 14. b4 Re8 15. Bb2 a6 16. Rf2 Bg6 17. Bxg6 hxg6 18. Nxd4 Ne5 19. Qf1 Rc8 20. Rd1 Nd5
21. Nb3 Nc4 22. Bc1 b5 23. Nc5 a5 24. Rd4 axb4 25. axb4 Qd6 26. Qd1 Rcd8 27. Rf1 Kh7 28. Bg5 f6 29. Bc1 Qc6 30. Re1 Ne5
31. Bd2 Nc4 32. Rxe8 Rxe8 33. Rh4+ Kg8 34. Re4 f5 35. Rxe8+ Qxe8 36. Qe1 Qxe1+ 37. Bxe1 Nce3 38. c3 Nd1 39. Nd3 N1xc3 40. Kf2=
1/2-1/2